| 000 | 00596nam a2200229Ia 4500 | ||
|---|---|---|---|
| 003 | OSt | ||
| 005 | 20220924152038.0 | ||
| 006 | a|||||r|||| 00| 0 | ||
| 007 | ta | ||
| 008 | 220923b |||||||| |||| 00| 0 mar d | ||
| 024 | _a340537 | ||
| 037 | _cTextual | ||
| 040 |
_aARTS _cARTS _bmar |
||
| 041 |
_2mar _amar |
||
| 082 | _aO155,3N13,14, K3 | ||
| 100 |
_aPandase Shripad Narayan _9225656 |
||
| 245 | 0 | _aHadpar | |
| 260 | _c1963 | ||
| 650 |
_aMARATHI LITERATURE _938000 |
||
| 942 |
_hO155,3N13,14, K3 _cTEXL _2CC |
||
| 999 |
_c468496 _d468496 |
||